|
|
|
|
| LEADER |
01378nam a2200397 a 4500 |
| 001 |
EBC1135065 |
| 003 |
MiAaPQ |
| 005 |
20200520144314.0 |
| 006 |
m o d | |
| 007 |
cr cn||||||||| |
| 008 |
081027s2008 sg sb 000 0 fre d |
| 010 |
|
|
|z 2008345496
|
| 020 |
|
|
|z 9782869781849
|
| 020 |
|
|
|z 2869781849
|
| 035 |
|
|
|a (MiAaPQ)EBC1135065
|
| 035 |
|
|
|a (Au-PeEL)EBL1135065
|
| 035 |
|
|
|a (CaPaEBR)ebr10344565
|
| 035 |
|
|
|a (CaONFJC)MIL290146
|
| 035 |
|
|
|a (OCoLC)830166148
|
| 040 |
|
|
|a MiAaPQ
|c MiAaPQ
|d MiAaPQ
|
| 043 |
|
|
|a f-ae---
|
| 050 |
|
4 |
|a HC815
|b .A674 2008
|
| 245 |
0 |
2 |
|a L'Algerie face a la mondialisation
|h [electronic resource] /
|c sous la direction de Tayeb Chenntouf.
|
| 260 |
|
|
|a Dakar :
|b CODESRIA,
|c c2008.
|
| 300 |
|
|
|a x, 330 p.
|
| 490 |
1 |
|
|a Serie de livres du Codesria
|
| 504 |
|
|
|a Includes bibliographical references.
|
| 533 |
|
|
|a Electronic reproduction. Ann Arbor, MI : ProQuest, 2015. Available via World Wide Web. Access may be limited to ProQuest affiliated libraries.
|
| 650 |
|
0 |
|a Globalization
|z Algeria.
|
| 651 |
|
0 |
|a Algeria
|x Economic policy.
|
| 651 |
|
0 |
|a Algeria
|x Social conditions.
|
| 655 |
|
4 |
|a Electronic books.
|
| 700 |
1 |
|
|a Chenntouf, Tayeb.
|
| 710 |
2 |
|
|a ProQuest (Firm)
|
| 830 |
|
0 |
|a Codesria book series.
|
| 856 |
4 |
0 |
|u https://ebookcentral.proquest.com/lib/matrademy/detail.action?docID=1135065
|z Click to View
|